Normal view
MARC view
Entry Personal Name
001 - CONTROL NUMBER
- control field: 3986
003 - CONTROL NUMBER IDENTIFIER
- control field: ARRUPE
005 - DATE AND TIME OF LATEST TRANSACTION
- control field: 20131126143524.0
008 - FIXED-LENGTH DATA ELEMENTS
- fixed length control field: 131126|| aca||aabn | a|a d
040 ## - CATALOGING SOURCE
- Original cataloging agency: ARRUPE
- Transcribing agency: ARRUPE
100 ## - HEADING--PERSONAL NAME
- Personal name: Pannenberg, Wolfhart,
- Dates associated with a name: 1928-
- Title of a work: Systematische Theologie.
670 ## - SOURCE DATA FOUND
- Source citation: Work cat.: (ARRUPE)0: Grenz, Stanley J. (Stanley James), 1950-2005. 3985, Reason for hope :, c2005.